00277nam a2200121Ia 4500008004100000100002000041245001600061260003200077300000900109650001300118942000700131999001700138190216s9999||||xx |||||||||||||| ||und|| aAkbar Kakkattil 0aAaram Kalam bPoorna Pubs Kozhikodec1999 a143p aKathakal cBK c27641d27641